The elections to the State Duma in December 1999--Russia's choice at the end of the twentieth century /
Saved in:
| Main Author: | |
|---|---|
| Format: | Book |
| Language: | English |
| Published: |
Lewiston, N.Y. :
Edwin Mellen Press,
c2003.
|
| Series: | Studies in Russian history ;
v. 9. |
| Subjects: | |
| Tags: |
Add Tag
No Tags, Be the first to tag this record!
|
| LEADER | 01094pam a22003014a 4500 | ||
|---|---|---|---|
| 001 | 009201617-0 | ||
| 005 | 20030925145102.0 | ||
| 008 | 030619s2003 nyu b 001 0 eng | ||
| 010 | |a 2003056229 | ||
| 020 | |a 0773465820 (hard) | ||
| 035 | 0 | |a ocm52509613 | |
| 040 | |a DLC |c DLC |d YDX | ||
| 042 | |a pcc | ||
| 043 | |a e-ru--- | ||
| 050 | 0 | 0 | |a JN6699.A5 |b S77 2003 |
| 082 | 0 | 0 | |a 324.947/086 |2 21 |
| 100 | 1 | |a Strokanov, Alexandre A. | |
| 245 | 1 | 4 | |a The elections to the State Duma in December 1999--Russia's choice at the end of the twentieth century / |c Alexandre Strokanov. |
| 260 | |a Lewiston, N.Y. : |b Edwin Mellen Press, |c c2003. | ||
| 300 | |a xvi, 198 p. ; |c 24 cm. | ||
| 490 | 1 | |a Studies in Russian history ; |v v. 9 | |
| 504 | |a Includes bibliographical references (p. 189-191) and index. | ||
| 610 | 1 | 0 | |a Russia (Federation). |b Federalʹnoe Sobranie. |b Gosudarstvennai︠a︡ Duma |x Elections, 1999. |
| 650 | 0 | |a Elections |z Russia (Federation) | |
| 651 | 0 | |a Russia (Federation) |x Politics and government |y 1991- | |
| 830 | 0 | |a Studies in Russian history ; |v v. 9. | |
| 988 | |a 20030925 | ||
| 906 | |0 DLC | ||


